Piłkarze Reprezentacji Mozambiku - nagła śmierć - Statystyki

Ogólne statystyki
  • Ten quiz został rozwiązany 5 razy
  • Średni wynik to 3 z 8
Answers on the Grid
Answers color-coded by a green-red scale on the quiz's grid according to % correct below.
Zé Turbo
Reinildo Mandava
Eusébio
Guima
Henri Bedimo
Geny Catamo
Witi
William Carvalho
Clésio
Tico-Tico
Jemerson
Bruno Langa
Mexer
Simeon Nwankwo
 
Statystyki odpowiedzi
Odpowiedź % Poprawnych
Clésio
50%
Geny Catamo
50%
Guima
50%
Witi
50%
Bruno Langa
25%
Mexer
25%
Tico-Tico
25%
Reinildo Mandava
0%
Nie znaleziono quizów pasujących do podanych kryteriów
Rozkład punktacji
Procent ludzi z każdym wynikiem
Percentyl według liczby udzielonych odpowiedzi
Twoja historia wyników
Nie rozwiązałeś tego quizu